02769 a2200373 4500003000700000005001700007008004100024020001800065040003300083050001500116100001900131245008100150260003300231300003500264336002800299337003000327338002700357500125400384650002301638650003201661650003801693650003701731650002501768650002401793650002301817650002301840650002101863650002201884942001301906999001701919952015501936952015202091952015202243CBULib20250826125436.0250826b |||||||| |||| 00| 0 eng d a9781032946658 aCBULibbEnglishcCBULiberda aRA 545 Mul aMulenga, David aUnderstanding public health in Africa : issues and casesc/ by David Mulenga bRoutledge,c2025aNew York : axvi, 290 pages : illustrations 2rdacontentaText |btxt 2rdamediaaUnmediated |bn 2rdacarrieraVolumebnc aDESCRIPTION FROM BOOK COVER: This innovative textbook, written by an author based in Zambia, provides an invaluable perspective on the key public health issues that Africa is facing today. In addition to outlining the fundamental principles of public health, the book highlights the specific challenges faced in low-resource settings across the continent. It is split into four parts. Part I covers the core concepts of public health, including the different determinants that affect public health, as well as how health systems are organized. Part II looks at environmental factors such as air pollution, water sanitation, and food and nutrition, while Part III focuses on issues around infectious and non-communicable diseases, including chapters on tuberculosis, malaria, HIV/AIDS, maternal health, and mental health. Part IV covers emerging issues affecting public health such as climate change and the effects of mining in the region. With each chapter providing examples and case studies to illustrate the issues, success stories, and innovative approaches being taken in countries such as Tanzania, Uganda, Kenya, Malawi, and Nigeria, this unique book will fascinate students of Public Health, Global Health, African Studies, and beyond.  09315aPUBLIC HEALTH 094800aPUBLIC HEALTHzAFRICA 094801aENVIRONMENTAL PUBLIC HEALTH 094802aPUBLIC HEALTH SURVEILLANCE 094803aHEALTH SYSTEMS 094804aMENTAL HEALTH 094805aTUBERCULOSIS 0968aAIR--POLLUTION 092345aSANITATION 09789aEPIDEMIOLOGY 2lccc002 c86437d86437 00102lcc40708MCa001b001cSCd2025-08-21eMISCELLENEOUS (INDIVIDUAL DONOR)g65.00i753769oZAM RA 545 Mulp753769r2025-08-26t1w2025-08-26y021 00102lcc40708SOMa001b001cGENd2025-08-21eMISCELLENEOUS (INDIVIDUAL DONOR)g65.00i905713oRA 545 Mulp90513r2025-08-26t2w2025-08-26y002 00102lcc40708SOMa001b001cGENd2025-08-21eMISCELLENEOUS (INDIVIDUAL DONOR)g65.00i905714oRA 545 Mulp90514r2025-08-26t3w2025-08-26y002